000 00261nam a2200109Ia 4500
008 200302s9999 xx 000 0 und d
100 _aBert Bielefeld
245 _aBasics Architectural design
260 _bBirkhauser Verlag Gmbh
260 _c2013
300 _a326
999 _c7070
_d7070